00853nam a2200241Ia 4500008004100000020002100041040001900062041001200081082005100093100002400144245005600168260004800224300002800272440002900300504003200329650001800361651004000379700003500419850001000454942000700464999001600471952012400487131103s9999 xx 000 0 und d aSBN : 52109504 2 aLoreto College aEnglish a822.33(ID)/TWE/QUI/822.33/Q7/SHAb LCLIB/16282 aShakespeare,William aTwelfth night or what you willcWilliam Shakespeare aCambridgebCambridge University Pressc1968 axxviii,193 p. c 21 cm. aThe Works of Shakespeare aIncludes notes and glossary aEnglish Drama aShakespeare,William - Twelfth Night aQuiller-Couch, Arthur, sr. ed. aLCLIB cBK c4511d54990 00104070aMAINbMAINd2013-11-04l0o822.33(ID)/TWE/QUI/822.33/Q7/SHA LCLIB/16282pB4379r2013-11-04w2013-11-04yBK